| 000 | 00464nam a2200181Ia 4500 | ||
|---|---|---|---|
| 003 | OSt | ||
| 005 | 20240719115154.0 | ||
| 008 | 210210b1933 xxu||||| |||| 00| 0 eng d | ||
| 040 | _cAL | ||
| 041 | _akan | ||
| 082 | _a859/463 | ||
| 100 |
_aGOPALA RAV (K) ಗೋಪಾಲ ರಾವ್ ಕೆ _9149149 |
||
| 245 |
_aUdugore: _bಉಡುಗೊರೆ |
||
| 260 |
_aBengaluru _b- _c1933 |
||
| 690 |
_aKannada Fiction _9149150 |
||
| 906 | _a021325 | ||
| 942 |
_2ddc _cBK |
||
| 999 |
_c145389 _d145389 |
||